Dlhopisy Fondu národného majetku SR a daň z príjmov fyzických osôb

Problematika zdaňovania či nezdaňovania príjmov v súvislosti s nadobudnutím, predajom a výnosmi z dlhopisov Fondu národného majetku (FNM). Vysvetlenie daného problému podľa súčasne platného znenia zákona.

Gespeichert in:
Bibliographische Detailangaben
1. Verfasser: Piršelová, Dagmar
Format: Buchkapitel
Sprache:Slowakisch
Schlagworte:
Tags: Tag hinzufügen
Keine Tags, Fügen Sie das erste Tag hinzu!

MARC

LEADER 00000naa a2200000 4500
001 r021814
005 20230419073504.6
041 0 |a slo 
044 |a SK 
245 1 0 |a Dlhopisy Fondu národného majetku SR a daň z príjmov fyzických osôb  |c Dagmar Piršelová 
520 |a Problematika zdaňovania či nezdaňovania príjmov v súvislosti s nadobudnutím, predajom a výnosmi z dlhopisov Fondu národného majetku (FNM). Vysvetlenie daného problému podľa súčasne platného znenia zákona. 
610 2 0 |a dlhopisy 
610 2 0 |a FNM SR Bratislava 
610 2 0 |a dane z príjmov 
610 2 0 |a osoby fyzické 
610 2 0 |a zákony 
100 1 |a Piršelová, Dagmar